LEAN SIX SIGMA FOR DUMMIES (Record no. 26507)
[ view plain ]
| 000 -LEADER | |
|---|---|
| fixed length control field | 00352nam a2200145Ia 4500 |
| 008 - FIXED-LENGTH DATA ELEMENTS--GENERAL INFORMATION | |
| fixed length control field | 240624s9999 xx 000 0 und d |
| 041 ## - LANGUAGE CODE | |
| Language code of text/sound track or separate title | eng |
| 082 ## - DEWEY DECIMAL CLASSIFICATION NUMBER | |
| Classification number | 658.4013 MOR |
| 100 ## - MAIN ENTRY--PERSONAL NAME | |
| Personal name | MORGAN JOHN |
| 245 ## - TITLE STATEMENT | |
| Title | LEAN SIX SIGMA FOR DUMMIES |
| 250 ## - EDITION STATEMENT | |
| Edition statement | (2nd ed.) |
| 260 ## - PUBLICATION, DISTRIBUTION, ETC. | |
| Date of publication, distribution, etc. | 2014 |
| Place of publication, distribution, etc. | New Delhi |
| Name of publisher, distributor, etc. | Wiley |
| 300 ## - PHYSICAL DESCRIPTION | |
| Extent | 300 : p. : cm. ; 28 |
| 365 ## - TRADE PRICE | |
| Currency code | RS |
| Price amount | 33 |
| Withdrawn status | Lost status | Damaged status | Not for loan | Home library | Current library | Shelving location | Date acquired | Source of acquisition | Cost, normal purchase price | Total Checkouts | Total Renewals | Full call number | Barcode | Date last seen | Date last checked out | Copy number | Price effective from | Koha item type |
|---|---|---|---|---|---|---|---|---|---|---|---|---|---|---|---|---|---|---|
| IMTN | IMTN | Rack 27-B | 12/09/2015 | VBC | 499.00 | 3 | 1 | 658.4013 MOR | 26507 | 07/16/2025 | 07/02/2025 | 1 | 06/24/2024 | Books |